Quizzes
Events
Quiz Creation
Community
Videos
Private Events
Remove Ads
Sign In
Join for FREE
Feedback
Dark Mode
Quiz Categories
Sports
Geography
Music
Movies
Television
Just For Fun
Miscellaneous
History
Literature
Language
Science
Gaming
Entertainment
Religion
Holiday
For Kids
Quiz Lab
Recent
Popular Today
Quiz Kudos Today
Editor Picks
Curator Picks
Quizzes by...
Day
Popularity
Type
Ratings
Length
Year
Community
Subscriptions
Recent Discussions
Orange Saloon
Badges
Playlists
Quests
Create
Leaderboards
Showdown
Live 5
Trivia Bingo
Activity
Puzzle Library
Sporcle Events
Private Events
Virtual Trivia
Globe League
Become a Host
Pub Owners
SporcleCon
Opinionation
Our Games
Videos
Blog
Mobile Apps
Partnerships
Remove Ads and Go Orange
Feedback
Miscellaneous
Crossword
General Knowledge
Baby Names
Logo
Food
Cars
Numbers
Grab Bag
University
College
Popular
Company
Slogans
Restaurants
Justice
Letter
Miscellaneous
Crossword
General Knowledge
Baby Names
Logo
Food
Cars
Numbers
Grab Bag
University
College
Popular
Company
Slogans
Restaurants
Justice
Letter
Random Quiz
Search Sporcle
×
Quiz Lab
Quiz Lab
Miscellaneous
team
Type in answers that appear in a list
Type in answers that appear in a list
Classic
Best Score? Go Orange.
Team trivia 8-15-12 Stats
Can you name the Team trivia 8-15-12?
By
CDawg007
10m
22 Questions
19 Plays
19 Plays
19 Plays
Comments
Comments
Give Quiz Kudos
Give Quiz Kudos
-
- Ratings
hide this ad
Replay
Link that replays current quiz
Next Quiz
Link to next quiz in quiz playlist
You Got
0%
They Got
Avg Score
30%
Avg Friend Score
Upgrade to see
Score Distribution
Jump to the score distribution portion of the page
Score
0/22
Timer
10:00
0
Plays Today
Question
Answer
% Correct
Who lived longer – Doc Holliday or Wyatt Earp?
Wyatt Earp
89.5%
According to careers.com, who is happier in their job – nurses or teachers?
Teachers
73.7%
Did Cassius Clay ever win an Olympic gold medal?
Yes
73.7%
Was there a British East Indies tea company?
Yes
73.7%
What is the most obese state in the US?
Mississippi
63.2%
What was Dr Huxtable’s wife’s first name?
Claire
57.9%
Which is further north, Detroit, Mi. or Binghamton, NY?
Detroit
36.8%
Where did Paris & Helen live after he abducted her?
Troy
31.6%
How old was the oldest Von Trapp child in the “Sound of Music”?
16
31.6%
What is Roman Goddess Minerva’s Greek counterpart?
Athena
31.6%
What month or months are best for viewing the Aurora Borealis?
March
26.3%
Question
Answer
% Correct
Bangladesh split from what country in the 1970s?
Pakistan
26.3%
What year was Living LaVida Loca released?
1999
26.3%
What are pinking shears used for?
Cutting fabric
10.5%
From Left to right – name presidents on Mt Rushmore?
Washington, Jefferson, Roosevelt, Lincoln
10.5%
What US Government Agency was fined $400 by Australia for littering?
NASA
5.3%
What stadium do the Cleveland Browns play in?
Cleveland Brown’s Stadium
0%
What make of car does Zach Ephron drive in “17 Again”?
Audi
0%
What plant or animal is featured in King’s Canyon National Park?
Sequoia
0%
Played song – Come On, Come On (them from Rescue Me) – name artist?
Von Blondies
0%
Spell the word for the area of space occupied by Q in Star Trek, Next Generation?
Continuum
0%
In 1833, what cargo was successfully shipped from Boston to Calcutta, India?
Ice
0%
Quiz Playlist
Details
Report
Send in Message
Add To Playlist
Classic:
Type in answers that appear in a list
Last Updated: Feb 16, 2017
Quiz Scoreboard
CHALLENGE
Sign Up to Join the Scoreboard
Show All
Scores
Hide
Comments
May contain spoilers
Recently Published
9x9 Crossword: Cartoon Network
by jackfrog10
Miscellaneous
3m
College Basketball Coaching Resumes
by pancakes188
Sports
9m
Billboard Blitz: Fleetwood Mac
by CooCooCachoo
Music
15s
More to Explore
Quiz From the Vault
Featured Blog Post
Where Did the Easter Bunny Come From?
hide this ad
You Might Also Like...
Tags
team
Today's Top Quizzes in Miscellaneous
Browse Miscellaneous
hide this ad
Today's Top Quizzes in team
Browse team
Top Contributed Quizzes in Miscellaneous
1
5-to-1: Fast Food
2
The JOE quick-fire general knowledge quiz: Day 174
3
The JOE quick-fire general knowledge quiz: Day 173
4
5-to-1: Cocktails
5
The JOE quick-fire general knowledge quiz: Day 172
6
Sunday Crossword: Famous Bodies of Water
7
The JOE quick-fire general knowledge quiz: Day 171
8
One Thing in Common: United Kingdom II
9
Named After an Animal - Odd One Out!
10
The JOE quick-fire quiz: Day 170
Explore More
Trending Topics
Marvel
Disney
Anime
Kpop
NBA
Crossword
Harry Potter
Soccer
Puzzle
WWE
Song
Country
NFL
The Office
Pokémon
hide this ad
More By:
CDawg007
Quiz
Plays
Rating
Category
Featured
Created
Team trivia 8-15-12
19
Miscellaneous
Aug 17, 2012
Go to Creator's Profile
Score Distribution
Quiz Creator Spotlight
CDawg007
Follow
Send a Message
Quizzes Created
-
Created Quiz Play Count
-
More By This Creator
Popular Quizzes Today
1
Find the US States - No Outlines Minefield
2
Find the Countries of Europe - No Outlines Minefield
3
The Countries of the World
4
Find the US States
5
Risky Map Clicking: Biggest States A-Z
6
US States
7
Popular People in 1961
8
Movies - When Are They Set?
More Miscellaneous Quizzes
Find the Flamingo Vehicles
Curator's Pick
Trending Quizzes
Risky Map Clicking: Least Populous States A-Z
1-10 Letter G Words
1-10 Letter F Words
Risky Map Clicking: Next State Alphabetically
Adjectives in 80s TV Shows
Recently Updated
Leaping Animals
pecheneg
Reality TV Shows (A-Z)
bhenderson79
Rickey Henderson's Hall of Fame Teammates
pecheneg
Champions League XIs: Arsenal
pecheneg
Quick Pick: Celebrities in WWE's Hall of Fame
aduchscher
A-Z Keypad Blitz II
pecheneg
Multiple Oscar Actors
pecheneg
Mystery Phrase Blitz: Oscar 'Best Actors'
pecheneg
F. Scott Fitzgerald Novels
LTH
Pick 3 Villains
ddd62291
Trending Topics
Disney
NBA
Marvel
Crossword
Kpop
Anime
Harry Potter
The Office
Country
Soccer
Pokémon
Song
WWE
Puzzle
NFL
Your Account Isn't Verified!
In order to create a playlist on Sporcle, you need to verify the email address you used during registration. Go to your
Sporcle Settings
to finish the process.
Report this User
Report this user for behavior that violates our
Community Guidelines
.
Details:
Send Report
Go to the Sporcle.com Mobile Site →
Comments